| 000 | 00453nam a2200157 a 4500 | ||
|---|---|---|---|
| 001 | 3097 | ||
| 005 | 20140414132052.0 | ||
| 008 | 060201s19uu xx 00 eng d | ||
| 020 | _a971-789-013-7 | ||
| 050 |
_aM 220.9 _bP21 1995 |
||
| 100 | _aPartner, Daniel | ||
| 245 |
_a365 Read-aloud bedtime bible stories / _cDaniel Partner. |
||
| 260 |
_aManila, Philippines : _bChristian Literature Crusade, _c1995. |
||
| 650 | _aBible stories. | ||
| 999 |
_c114213 _d114213 |
||